Guess The Pokemon By Picture - Statistics

General Stats
  • This quiz has been taken 109 times
  • The average score is 13 of 14
Answer Stats
Picture Answer % Correct
pikachu
100%
mewtwo
99%
bulbasaur
98%
eevee
98%
charizard
97%
squirtle
97%
pichu
92%
flareon
89%
jolteon
89%
vaporeon
88%
cubone
84%
espeon
84%
mimikyu
74%
munchlax
74%
No matching quizzes found
Score Distribution
Percent of People with Each Score
Percentile by Number Answered
Your Score History
You have not taken this quiz